000 00802nam a2200253Ia 4500
003 OSt
005 20221005103625.0
006 a|||||r|||| 00| 0
007 ta
008 221004b |||||||| |||| 00| 0 hin d
024 _a21329
037 _bGift, 13/07/2015,
_cTextual
040 _aCRL
_cCRL
_bhin
041 _2hin
_ahin
082 _aO152,1x, N7
100 _aपेरीवाल, दुर्गा
245 0 _aसत्यम
246 _aSatyama
260 _aडोंबिवली
_bइंदु प्रकाशन भारत
_c1997
300 _a113पृ0
_ccm.
650 _aहिन्दी साहित्य
942 _hO152,1x, N7
_cTEXL
_2cc
999 _c1010447
_d1010447